Biomm̕esis y biodiversidad

Uloženo v:
Podrobná bibliografie
Další autoři: YouTube
Médium: Kniha
Jazyk:španělština
Témata:
On-line přístup:Biomm̕esis y biodiversidad
Tagy: Přidat tag
Žádné tagy, Buďte první, kdo vytvoří štítek k tomuto záznamu!

MARC

LEADER 00000nam a22000004a 4500
001 vpro11922
005 20201223000000.0
008 170807s2017 ck # g## #001 0#spa#d
020
022
040 |a CO-BoINGC 
041 0 |a spa 
245 1 0 |a Biomm̕esis y biodiversidad 
246 |a Biomimicry and Biodiversity 
264 |a Bogot ̀(Colombia) :  |b Revista VirtualPRO,  |c 2017 
520 3
650 \ \ |a Biomimťica 
650 \ \ |a Biomimetics 
650 \ \ |a biomimťica 
650 \ \ |a biomm̕esis 
650 \ \ |a naturaleza 
650 \ \ |a biomimetics 
650 \ \ |a biomimicry 
650 \ \ |a nature  
700 \ \ |a YouTube 
856 |z Biomm̕esis y biodiversidad  |u https://virtualpro.unach.elogim.com/biblioteca/biomimesis-y-biodiversidad